000 00728nam a2200253Ia 4500
003 OSt
005 20220925181816.0
006 a|||||r|||| 00| 0
007 ta
008 220923b |||||||| |||| 00| 0 eng d
037 _cGeneral Book
040 _aRTL
_cRTL
_beng
041 _2eng
_aeng
082 _aX9.73.N7, L1/TD3
100 _aScherer F M
245 0 _aIndustrial market structure and economic performance
260 _aChicago
_bRand Mcnally USA
_c1971
300 _axi, 576p.
_ccm.
490 _aRand Mcnally economics series.
500 _aAppendix p 543-55.
650 _aIndustrial Economics
942 _hX9.73.N7, L1/TD3
_cGB
_2CC
999 _c500373
_d500373